000 00253nam a22001097a 4500
082 _a600
100 _aDell,Pamela
_983405
245 _aStarbucks Creative Companies
260 _aDelhi
_bJaico Publication House
_c2025
650 _aTech.
942 _cBK
999 _c68301
_d68301